000 00476nam a2200181 a 4500
005 20260322212034.0
008 data
020 _a1564963500
020 _a9781564963505
092 _a745.54 Wro 1998
100 1 _aWrobel, Jessica
245 1 4 _aThe paper jewelry book/
_cJessica Wrobel.
260 _aGloucester, Mass. :
_bRockport Publishers ;
_c1998
300 _a80, [8] pages : color illustrations ;
_b28 cm
650 0 _aJewelry making
650 0 _aPaper work
001 data
999 _c783
_d783